Statistics for Countries With Former KFC Outlets

Click here to take the quiz!

General Stats

  • This quiz has been taken 22 times
  • The average score is 3 of 8

Answer Stats

Last Outlet Answer % Correct
1979Iran
74%
2013Israel
74%
2013Syria
58%
2014Yemen
37%
1997Haiti
32%
2013Andorra
16%
2014Guyana
16%
2011Fiji
11%

Score Distribution

Percentile by Number Answered

Percent of People with Each Score

Your Score History

You have not taken this quiz